|
|
|
|
| LEADER |
02506nam a2200529 i 4500 |
| 001 |
EBC3442518 |
| 003 |
MiAaPQ |
| 005 |
20200520144314.0 |
| 006 |
m o d | |
| 007 |
cr cnu|||||||| |
| 008 |
150429t20152015paua o 001 0 eng d |
| 020 |
|
|
|z 9780812247282
|
| 020 |
|
|
|a 9780812291483 (e-book)
|
| 035 |
|
|
|a (MiAaPQ)EBC3442518
|
| 035 |
|
|
|a (Au-PeEL)EBL3442518
|
| 035 |
|
|
|a (CaPaEBR)ebr11045928
|
| 035 |
|
|
|a (CaONFJC)MIL772123
|
| 035 |
|
|
|a (OCoLC)909901553
|
| 040 |
|
|
|a MiAaPQ
|b eng
|e rda
|e pn
|c MiAaPQ
|d MiAaPQ
|
| 043 |
|
|
|a n-us---
|
| 050 |
|
4 |
|a E185.86
|b .G425 2015
|
| 082 |
0 |
|
|a 305.896/073
|2 23
|
| 100 |
1 |
|
|a Howard, Vicki,
|e author.
|
| 245 |
1 |
0 |
|a From main street to mall :
|b the rise and fall of the American department store /
|c Vicki Howard.
|
| 264 |
|
1 |
|a Philadelphia, Pennsylvania :
|b University of Pennsylvania Press,
|c 2015.
|
| 264 |
|
4 |
|c 2015
|
| 300 |
|
|
|a 1 online resource (304 pages) :
|b illustrations.
|
| 336 |
|
|
|a text
|2 rdacontent
|
| 337 |
|
|
|a computer
|2 rdamedia
|
| 338 |
|
|
|a online resource
|2 rdacarrier
|
| 490 |
1 |
|
|a American Business, Politics, and Society
|
| 500 |
|
|
|a Includes index.
|
| 588 |
|
|
|a Description based on print version record.
|
| 590 |
|
|
|a Electronic reproduction. Ann Arbor, MI : ProQuest, 2015. Available via World Wide Web. Access may be limited to ProQuest affiliated libraries.
|
| 600 |
1 |
0 |
|a Moynihan, Daniel P.
|q (Daniel Patrick),
|d 1927-2003
|x Political and social views.
|
| 610 |
1 |
0 |
|a United States.
|b Department of Labor.
|b Office of Policy Planning and Research.
|t Negro family.
|
| 650 |
|
0 |
|a African American poor families
|x Social conditions
|y 20th century.
|
| 650 |
|
0 |
|a African American poor families
|x Government policy
|x History
|y 20th century.
|
| 650 |
|
0 |
|a Civil rights movements
|z United States
|x History
|y 20th century.
|
| 651 |
|
0 |
|a United States
|x Social conditions
|y 20th century.
|
| 651 |
|
0 |
|a United States
|x Economic conditions
|y 20th century.
|
| 651 |
|
0 |
|a United States
|x Race relations
|x History
|y 20th century.
|
| 655 |
|
4 |
|a Electronic books.
|
| 776 |
0 |
8 |
|i Print version:
|a Howard, Vicki.
|t From main street to mall : the rise and fall of the American department store.
|d Philadelphia, Pennsylvania : University of Pennsylvania Press, c2015
|h 295 pages
|k American business, politics, and society.
|z 9780812247282
|w 2015008620
|
| 797 |
2 |
|
|a ProQuest (Firm)
|
| 830 |
|
0 |
|a American business, politics, and society.
|
| 856 |
4 |
0 |
|u https://ebookcentral.proquest.com/lib/matrademy/detail.action?docID=3442518
|z Click to View
|